La colaboración con organizaciones criminales en Colombia: un obstáculo para la recuperación económica /
El artículo examina el impacto negativo de la colaboración con organizaciones criminales en la recuperación económica de Colombia. El autor analiza cómo la presencia y participación de grupos criminales en actividades económicas ilícitas, como el narcotráfico y la extorsión, obstaculiza el desarroll...
محفوظ في:
| المؤلف الرئيسي: | |
|---|---|
| التنسيق: | كتاب |
| الموضوعات: | |
| الوصول للمادة أونلاين: | texto completo desde el sitio de la revista |
| الوسوم: |
إضافة وسم
لا توجد وسوم, كن أول من يضع وسما على هذه التسجيلة!
|
MARC
| LEADER | 00000nam a22000007a 4500 | ||
|---|---|---|---|
| 003 | cru CIDCACS/IIS | ||
| 005 | 20230902212408.0 | ||
| 007 | ta | ||
| 008 | 181128b2018 sp|||p|r||||||0| ||spa|d | ||
| 040 | |c cru CIDCACS/IIS | ||
| 100 | 1 | |9 8020 |a Hays, Christopher M. | |
| 245 | 1 | 3 | |a La colaboración con organizaciones criminales en Colombia: |b un obstáculo para la recuperación económica / |c Christopher M. Hays |
| 300 | |a páginas 26-28: |b foto | ||
| 520 | |a El artículo examina el impacto negativo de la colaboración con organizaciones criminales en la recuperación económica de Colombia. El autor analiza cómo la presencia y participación de grupos criminales en actividades económicas ilícitas, como el narcotráfico y la extorsión, obstaculiza el desarrollo económico del país. Se exploran las implicaciones socioeconómicas y se plantean posibles estrategias para enfrentar este desafío. RAR 03/2023 | ||
| 650 | 0 | |2 OCDE |9 7481 |a CRIMINALIDAD | |
| 650 | 0 | |2 UNESCO |9 2918 |a RECUPERACIÓN ECONÓMICA | |
| 650 | 0 | |2 OCDE |9 1005 |a NARCOTRAFICO | |
| 650 | 0 | |2 OCDE |9 2142 |a DESARROLLO ECONOMICO | |
| 651 | 0 | |2 OCDE |9 4598 |a COLOMBIA | |
| 773 | 0 | |0 19267 |9 2442 |a Centro de Estudios sobre Refugiados |d Universidad de Oxford ; Centro de Estudios sobre Refugiados |o 18968 |t Migraciones Forzadas: |x 14609819 | |
| 856 | |u https://www.fmreview.org/sites/fmr/files/FMRdownloads/es/RMF58.pdf |y texto completo desde el sitio de la revista | ||
| 942 | |2 ddc |c PP | ||
| 999 | |c 41924 |d 41924 | ||
